00793nam a22002657a 4500003000500000005001700005008004100022010001000063011001000073035001000083040000900093082002000102100001900122245003200141250001000173260003500183300001800218490003300236500002900269505012200298650002800420650002600448700002000474830003300494CHAP20220329135446.0971013s1970 r 00010 d a36845 a37817 a41937 cCHAP a674.1bP35 197000aPanshin, A. J. aTextbook of wood technology a3 ed. aNew York :bMcGraw-Hill,c1970 a2 v.b: ilus. aThe American forestry series aLa biblioteca tiene: v.1 aContenido: v.1 Structure, identification, uses and properties of the commercial woods of the United States and Canada14aMadera para industrias.14aMaderaxTecnología.0 aDe Zeeuw, Carl.0 aThe American forestry series